|
|
|
|
| LEADER |
00000nab a2200000 a 4500 |
| 001 |
vtls000082379 |
| 003 |
SK-MaSNL |
| 005 |
20260304210137.0 |
| 008 |
250422c1981 xo 0 slo |
| 015 |
|
|
|a SNBRB19rr/mm-uuuuu
|
| 035 |
|
|
|a CL0092481
|
| 035 |
|
|
|a urn:nbn:sk:snk-ab2jyz
|
| 035 |
|
|
|a (urnnbn)urn:nbn:sk:snk:ar-a02j0p
|
| 035 |
|
|
|a (uuid)feaeeca0-9a0d-4710-882c-5b1b8af09149
|
| 040 |
|
|
|a SNKBUCL
|b slo
|c SNKBUCL
|e AACR2
|
| 041 |
0 |
|
|a slo
|
| 044 |
|
|
|a xo
|c SK
|
| 080 |
|
|
|a 322
|2 1981
|
| 080 |
|
|
|a 22/28
|2 1981
|
| 100 |
1 |
|
|a Dubňanský, Libor
|4 aut
|9 1540992
|
| 245 |
1 |
0 |
|a Niekoľko poznámok k dnešnej stratégii a taktike poľského episkopátu
|c Libor Dubňanský
|
| 610 |
2 |
7 |
|a Katolícka cirkev
|2 snkbucl
|9 206702
|
| 650 |
0 |
7 |
|a PĽR
|2 snkbucl
|9 923973
|
| 650 |
0 |
7 |
|a klerikalizmus katolícky
|2 snkbucl
|9 1270035
|
| 655 |
|
7 |
|a články z novín a časopisov
|2 snkbucl
|9 267496
|
| 773 |
0 |
|
|t Ateizmus
|g Roč. 9, č. 1 (1981), s. 85-91
|
| 850 |
|
|
|a Slovenská národná knižnica
|
| 852 |
|
|
|a Slovenská národná knižnica
|
| 954 |
|
|
|a odborná, vedecká literatúra pôvodná (slovenská)
|2 lita
|
| 958 |
|
|
|a article2022
|
| 958 |
|
|
|a RK
|
| 958 |
|
|
|a OND
|
| 958 |
|
|
|a EUIPO
|
| 992 |
|
|
|a RBX
|
| 999 |
|
|
|c 3124691
|d 3126621
|